000 00287nam a22001337a 4500
008 170627b xxu||||| |||| 00| 0 eng d
020 _a9780801491863
041 _aeng
080 _a05
100 _a21
101 _aGJL
245 _aSTORY AND DISCOURSE
_cCHATMAN,S
942 _2udc
_cBK
999 _c19252
_d19252